01053nam a2200277Ia 450000500170000000800410001702000180005810000300007624501140010625000360022030000250025649000500028153400340033160000580036565000360042365000400045965000420049970000350054170000390057626400260061533600270064133700330066833800280070104000350072908400110076420220317001515.0161108s2004 s g 000 f s  a97884206573941 aConrad, Josephd1857-192413aLa línea de sombrabuna confesióncJoseph Conrad ; traductores Javier Alfaya Bula y Javier Alfaya McShane a1a. edición, 1a reimpresión a155 páginasc17 cm aEl libro de bolsillo : Literatura. Clásicos tThe Shadow Line: A Confession14aConrad, Josephd1857-1924vCritica e interpretación142LEMBaNovela inglesaySiglo XIX142LEMBaLiteratura inglesaySiglo XIX142LEMBaVida cotidiana en la literatura1 aAlfaya Bula, Javieretraductor1 a Alfaya McShane, javieretraductor aMadridbAlianzac2004 atextobtxt2rdacontent asin mediaciónbn2rdamedia avolumenbnc2rdacarrier aCO-BoRNBPbspaerdacCO-BoRNBP aN CON1